banner

Transformar la enseñanza: (Registro nro. 1699)

000 -LEADER
fixed length control field 03200nam a2200313 a 4500
003 - CONTROL NUMBER IDENTIFIER
control field AR-BaISA
005 - DATE AND TIME OF LATEST TRANSACTION
control field 20241009170317.0
006 - FIXED-LENGTH DATA ELEMENTS--ADDITIONAL MATERIAL CHARACTERISTICS
fixed length control field aao||fr|||| 000 0
007 - PHYSICAL DESCRIPTION FIXED FIELD--GENERAL INFORMATION
fixed length control field ta
008 - FIXED-LENGTH DATA ELEMENTS--GENERAL INFORMATION
fixed length control field 241009s2024 ag ao||f |||| 000 0 spa d
020 ## - INTERNATIONAL STANDARD BOOK NUMBER
International Standard Book Number 9789879413906
040 ## - CATALOGING SOURCE
Language of cataloging spa
Transcribing agency AR-BaISA
082 04 - DEWEY DECIMAL CLASSIFICATION NUMBER
Edition number 22
Classification number 378.007 Is1
245 00 - TITLE STATEMENT
Title Transformar la enseñanza:
Remainder of title sobre innovaciones y su documentación /
Statement of responsibility, etc. Mariana Ferrarelli, Silvia Reboredo de Zambonini, María José Sabelli (compiladoras)
260 ## - PUBLICATION, DISTRIBUTION, ETC.
Place of publication, distribution, etc. Buenos Aires:
Name of publisher, distributor, etc. Ediciones ISALUD,
Date of publication, distribution, etc. 2024
300 ## - PHYSICAL DESCRIPTION
Extent [135] p.:
Other physical details il., fotos
490 ## - SERIES STATEMENT
Serie Educación Superior (Ediciones iSALUD);
Volume/sequential designation 5
505 ## - FORMATTED CONTENTS NOTE
Title LA INNOVACIÓN Y SUS ESPECIALISTAS:
-- Mariana Ferrarelli, Silvia Reboredo de Zambonini
y María José Sabelli / La innovación educativa desde diversas miradas,
-- Entrevista con Carina Lion: para innovar hay que asumir riesgos --
-- Entrevista con Marta Libedinsky: historizar, observar, adaptar
y documentar, claves para una enseñanza innovadora --
-- Entrevista con Gregorio Casado Coba: la innovación como parte de la cultura institucional --
-- Entrevista con Gonzalo Jover Olmeda: la reflexión como innovación --
-- PISTAS PARA REDISEÑAR LA ENSEÑANZA Y DOCUMENTAR EXPERIENCIAS:
-- Mariana Ferrarelli, Silvia Reboredo de ZamboninI y María José Sabelli / innovar en la enseñanza y en la documentación de
experiencias --
-- Deconstruir las prácticas --
-- Foto-relato de docentes 1: aproximaciones sucesivas para
desnaturalizar la evaluación --
-- Foto-relato de docentes 2: estaciones intensas e inmersivas
en la formación docente --
-- Foto-relato de docentes 3: experiencia en 360° en Técnicas
de Comunicación --
-- Foto-relato de docentes 4. aprender sobre la entrevista
motivacional en la formación profesional --
-- Rebeca Anijovich / Reflexiones sobre los foto-relatos de docentes: ideas potentes para el diseño de clases --
-- Apostar por la centralidad del estudiantado --
-- Foto-relato de docentes 1: interacciones variadas
para la construcción de un proyecto --
-- Foto-relato de docentes 2: enseñar con exposiciones
significativas para los aprendizajes. Una experiencia
formativa con docentes en la hiperaula --
-- Foto-relato de docentes/estudiantes 3: aprender sobre
simulación clínica en la hiperaula --
-- Foto-relato de docente/estudiantes 4: experiencia en la
hiperaula en Administración de la Producción --
-- Graciela Cappelletti / Reflexiones sobre los foto-relatos de docentes/estudiantes: agitar las mentes --
-- RECAPITULACIONES:
-- Mariana Ferrarelli, Silvia Reboredo de Zambonini & María José Sabelli / ¿A qué nos invitó este libro?
650 14 - SUBJECT ADDED ENTRY--TOPICAL TERM
9 (RLIN) 204
Topical term or geographic name entry element Educación superior
650 14 - SUBJECT ADDED ENTRY--TOPICAL TERM
9 (RLIN) 896
Topical term or geographic name entry element Tecnología educativa
650 14 - SUBJECT ADDED ENTRY--TOPICAL TERM
9 (RLIN) 499
Topical term or geographic name entry element Entrevistas
700 1# - ADDED ENTRY--PERSONAL NAME
9 (RLIN) 3351
Personal name Ferrarelli, Mariana
Relator term comp.
700 1# - ADDED ENTRY--PERSONAL NAME
9 (RLIN) 3349
Personal name Reboredo de Zambonini, Silvia
Relator term comp.
700 1# - ADDED ENTRY--PERSONAL NAME
9 (RLIN) 655
Personal name Sabelli, María José
Relator term comp.
700 ## - ADDED ENTRY--PERSONAL NAME
9 (RLIN) 3527
Personal name Raffaghelli, Juliana
Relator term prol.
830 ## - SERIES ADDED ENTRY--UNIFORM TITLE
9 (RLIN) 3347
Uniform title Educación superior (Ediciones ISALUD)
Volume/sequential designation 5
856 ## - ELECTRONIC LOCATION AND ACCESS
Uniform Resource Identifier http://repositorio.isalud.edu.ar/xmlui/handle/123456789/1664
Public note Acceda al libro haciendo clíc aquí Material digital de distribución gratuita.
942 ## - ADDED ENTRY ELEMENTS (KOHA)
Source of classification or shelving scheme
Koha item type E-Book
Edition 22
Existencias
Withdrawn status Lost status Source of classification or shelving scheme Damaged status Not for loan Permanent Location Current Location Date acquired Inventory number Full call number Barcode Date last seen Copy number Price effective from Koha item type
          Biblioteca ISALUD. Dr. Néstor Rodríguez Campoamor Biblioteca ISALUD. Dr. Néstor Rodríguez Campoamor 2024-10-09 e0002 378.007 Is1 e0002 2024-10-09 t. 5 2024-10-09 E-Book